Flor e o Beija-flor - Henrique e Juliano – Letras - Statistics

Estatísticas Gerais
  • Esse quiz foi jogado 209 vezes
  • A pontuação média é 94 de 114
Estatísticas das Respostas
Resposta % Correto
é
99%
e
99%
a
98%
Beija
98%
beija
98%
Flor
98%
flor
98%
um
98%
amor
95%
de
94%
Essa
94%
história
94%
o
94%
O
94%
uma
94%
que
93%
Que
93%
conhece
89%
no
86%
saudade
83%
Saudade
83%
conhecer
82%
noite
82%
Outono
82%
voou
82%
me
81%
numa
81%
Ai
80%
chão
80%
depois
80%
fria
80%
beijou
79%
conheceram
79%
do
78%
as
77%
caídas
77%
folhas
77%
linda
77%
longe
77%
mais
77%
pra
77%
cor
76%
estação
76%
jardim
76%
tem
76%
Beija-flor
74%
beija-flor
74%
não
74%
velha
74%
ela
70%
fase
70%
ruim
70%
apresenta
69%
demais
67%
frio
67%
seu
67%
diz
65%
ele
65%
lhe
65%
todo
63%
calor
62%
única
62%
Eu
59%
acordo
57%
antigo
57%
era
57%
merece
57%
suportou
57%
sorrindo
56%
amanheceu
55%
dia
55%
durmo
55%
nós
55%
lindo
54%
tão
54%
da
53%
Lembranças
53%
Nenhum quiz correspondente encontrado
Distribuição das Pontuações
Porcentagem de Pessoas com Cada Pontuação
Percentil de Números Respondidos
Sua Pontuação Histórica
Você não jogou esse quiz